| 000 | 00519nam a2200193Ia 4500 | ||
|---|---|---|---|
| 003 | LK-CoDNM | ||
| 008 | 010623t xxu||||| |||| 00| 1 sin d | ||
| 040 |
_aLK-CoDNM _dLK-CoDNM _eLK-CoDNM |
||
| 041 | _asin | ||
| 080 |
_a796 _bDER |
||
| 100 | _aDeraniyagala, P.A.P. | ||
| 245 | _aසිංහල ත්රාසජනක ක්රීඩා | ||
| 246 | _aSinhala thrasyajanaka kriida | ||
| 260 |
_bDepartment of Museum _aColombo |
||
| 300 | _b37, 28 cm | ||
| 650 | _aCulture | ||
| 650 | _aSports | ||
| 942 | _cBK | ||
| 999 |
_c141916 _d141916 |
||